Länder, die y enthalten - Statistiken

Allgemein
  • Dieses Quiz wurde 372 mal gespielt
  • Das Durchschnittsergebnis liegt bei 6 aus 10
Antwortstatistiken
Antwort % Korrekt
Libyen
68%
Myanmar
66%
Uruguay
61%
Malaysia
60%
Paraguay
60%
Zypern
59%
Syrien
58%
Guyana
56%
Seychellen
51%
Ägypten
42%
Keine übereinstimmenden Quizze gefunden
Verteilung der Resultate
Anzahl Personen mit jedem Resultat
Perzentil nach korrekt beantworteten Fragen
Ihre Resultats-Entwicklung
Sie haben dieses Quiz noch nicht gespielt